00768pam a22002054a 4500008004100000020002200041245011800063260005500181300003400236440005800270504004700328650002600375650002900401650004300430650004000473700002200513003000100535005001700536040000900553  a1840647531 (hbk.)00aGreening the budget :bbudgetary policies for environmental improvement /cedited by J. Peter Clinch ... [et al.] aCheltenham ;aNorthampton, MA :bE. Elgar,cc2002. axxi, 340 p. :bill. ;c24 cm. 0aInternational studies in environmental policy making. aIncludes bibliographical references index. 0aBudgetvCase studies. 0aSubsidiesvCase studies. 0aSustainable developmentvCase studies. 0aEnvironmental policyvCase studies.1 aClinch, J. Peter.20230123134340.0 cNUST